000 00365 a2200169 4500
001 69390
020 _a852624633-X
040 _cAnchieta - Itaigara
100 _aPuech, Michel
240 1 0 _aA vida e a morte
_lpor
245 1 0 _aA vida e a morte
300 _a39
362 0 _a2002
440 1 _aScipione
650 4 _aLiteratura infanto-juvenil
942 _cBK
999 _c69390
_d69390